000 00768nam a22002297a 4500
999 _c64008
_d64008
005 20240530110710.0
008 180121s2016 ua a g b 000 fdara d
017 _a2015/15260
_bمصر. دار الكتب
020 _a9789770933527
040 _aEG-CaGPL
_cEG-CaGPL
082 0 4 _221
_a813.01\
_bم آ
100 0 _aمحمد المنسى قنديل
245 1 0 _aادم من طين :
_bمختارات قصصية /
_cمحمد المنسى قنديل .
250 _aط.1
260 _aالقاهرة :
_bدار الشروق ،
_c2016 .
300 _a278 ص. ؛
_c20 سم.
650 0 7 _2qrmak
_aالقصص العربية
650 0 7 _2qrmak
_aالقصص القصيرة
651 _2qrmak
942 _2ddc
_cBK